Normal view MARC view

Entry Topical Term

Number of records used in: 2

001 - CONTROL NUMBER

  • control field: 45440

003 - CONTROL NUMBER IDENTIFIER

  • control field: dpl

005 - DATE AND TIME OF LATEST TRANSACTION

  • control field: 20120419155912.0

008 - FIXED-LENGTH DATA ELEMENTS

  • fixed length control field: 120419|||a|||||| | ||| d

040 ## - CATALOGING SOURCE

  • Original cataloging agency: dpl
  • Transcribing agency: dpl

150 ## - HEADING--TOPICAL TERM

  • Topical term or geographic name as entry element: पर्यावरण नीति
  • General subdivision: अध्ययन एवं अध्यापन
  • Geographic subdivision: भारत

670 ## - SOURCE DATA FOUND

  • Source citation: Work cat.: (dpl): श्री शरण 45439, पर्यावरण प्रदूषण और प्रबन्धन /, 2001

670 ## - SOURCE DATA FOUND

  • Source citation: Work cat.: (dpl): श्री शरण 45439, पर्यावरण प्रदूषण और प्रबन्धन /, 2001

© Delhi Public Library
Hit Counter
free hit counter